000
00215nam a2200085Ia 4500
008
191206s9999 xx 000 0 und d
020
_a
9.78034E+12
090
_a
GB581.AND
245
0
_a
GRACIAL AND PERIGLACIAL ENVIRONMENTS
999
_c
16070
_d
16070